|
|
|
|
| LEADER |
03332nam a22003737a 4500 |
| 001 |
44973 |
| 003 |
BD-DhAAL |
| 005 |
20260225115518.0 |
| 008 |
251021t2015 ja a|||| |||| 001 0 eng d |
| 020 |
|
|
|a 9780804844932
|
| 020 |
|
|
|a 9784805313770
|
| 040 |
|
|
|a BD-DhAAL
|c BD-DhAAL
|
| 041 |
|
|
|a jpn
|a eng
|
| 082 |
|
4 |
|a 495.682421
|2 23
|
| 100 |
1 |
|
|a Sato, Eriko.
|9 59262
|
| 245 |
1 |
0 |
|a Learning Japanese kanji :
|b practice book.
|n Volume 1 /
|c Eriko Sato.
|
| 250 |
|
|
|a First edition.
|
| 260 |
|
|
|a Rutland, Vermont :
|b Tuttle Publishing,
|c c2015.
|
| 300 |
|
|
|a 128 pages :
|b illustrations ;
|c 25 cm
|
| 500 |
|
|
|a Includes indexes.
|
| 526 |
8 |
|
|a CSE
|x Annajiat Alim Rasel
Senior Lecturer
Department of Computer Science and Engineering
BRAC University
Course Name : Japanese Language and General for ITEE (JPN 101)
|
| 541 |
1 |
|
|a Hye Trade International
|e 44973, 44974, 44975, 44976, 45391
|
| 650 |
|
0 |
|a Japanese language
|x Writing.
|
| 650 |
|
0 |
|a Chinese characters
|z Japan.
|9 59284
|
| 650 |
|
0 |
|a Japanese language
|v Textbooks for foreign speakers
|x English.
|9 59285
|
| 650 |
|
0 |
|a Japanese language
|x Writing
|x kanji.
|9 59701
|
| 852 |
|
|
|a Ayesha Abed Library
|c General Stacks
|
| 942 |
|
|
|c BK
|2 ddc
|
| 999 |
|
|
|c 47496
|d 47496
|
| 952 |
|
|
|0 0
|1 0
|2 ddc
|4 0
|6 495_682421000000000_SAT
|7 0
|9 78388
|a BRACUL
|b BRACUL
|c NEW
|d 2025-10-19
|e Hye Trade International
|g 1630.00
|l 1
|m 29
|o 495.682421 SAT
|p 3010044973
|r 2026-03-04
|s 2025-10-26
|t 1
|v 3260.00
|w 2025-10-19
|y BK
|x Requisitioned by Annajiat Alim Rasel (Senior Lecturer, Department of Computer Science and Engineering, BRAC University) for the course named - 'Japanese Language and General for ITEE (JPN 101)'
|
| 952 |
|
|
|0 0
|1 0
|2 ddc
|4 0
|6 495_682421000000000_SAT
|7 0
|9 78389
|a BRACUL
|b BRACUL
|c GEN
|d 2025-10-19
|e Hye Trade International
|g 1630.00
|l 0
|o 495.682421 SAT
|p 3010044974
|r 2025-10-19
|t 2
|v 3260.00
|w 2025-10-19
|y BK
|x Requisitioned by Annajiat Alim Rasel (Senior Lecturer, Department of Computer Science and Engineering, BRAC University) for the course named - 'Japanese Language and General for ITEE (JPN 101)'; As instructed by the University Librarian, the book has been placed on a one-hour loan period following the receipt of five copies.
|
| 952 |
|
|
|0 0
|1 0
|2 ddc
|4 0
|6 495_682421000000000_SAT
|7 0
|9 78390
|a BRACUL
|b BRACUL
|c GEN
|d 2025-10-19
|e Hye Trade International
|g 1630.00
|l 0
|o 495.682421 SAT
|p 3010044975
|r 2025-10-19
|t 3
|v 3260.00
|w 2025-10-19
|y BK
|x Requisitioned by Annajiat Alim Rasel (Senior Lecturer, Department of Computer Science and Engineering, BRAC University) for the course named - 'Japanese Language and General for ITEE (JPN 101)'
|
| 952 |
|
|
|0 0
|1 0
|2 ddc
|4 0
|6 495_682421000000000_SAT
|7 0
|9 78391
|a BRACUL
|b BRACUL
|c GEN
|d 2025-10-19
|e Hye Trade International
|g 1630.00
|l 0
|o 495.682421 SAT
|p 3010044976
|r 2025-10-19
|t 4
|v 3260.00
|w 2025-10-19
|y BK
|x Requisitioned by Annajiat Alim Rasel (Senior Lecturer, Department of Computer Science and Engineering, BRAC University) for the course named - 'Japanese Language and General for ITEE (JPN 101)'
|
| 952 |
|
|
|0 0
|1 0
|2 ddc
|4 0
|6 495_682421000000000_SAT
|7 0
|9 78725
|a BRACUL
|b BRACUL
|c GEN
|d 2026-01-29
|e Hye Trade International
|g 1630.00
|l 0
|o 495.682421 SAT
|p 3010045391
|r 2026-01-29
|t 5
|v 3260.00
|w 2026-01-29
|y BK
|x Requisitioned by Annajiat Alim Rasel (Senior Lecturer, Department of Computer Science and Engineering, BRAC University) for the course named - 'Japanese Language and General for ITEE (JPN 101)'
|